000 00744nam a2200169 i 4500
001 190137
003 ES-MaACL
005 20230906223642.0
008 200731s1844 sp |||| | spa d
245 0 0 _aConsideraciones que la Junta de Comercio sujeta al juicio del público, acerca de las ideas y principios emitidos por la Sociedad Mercantil Matritense en la esposicion que dirigió a S.M. con fecha 9 de agosto del corriente año.
260 _aBarcelona :
_b[s.n.],
_c1844 (
_fImp. de los SS. A. Pons y Cª)
300 _a12 p. ;
_c20 cm.
650 4 _aFraude fiscal-
_zEspaña.
_9148740
650 4 _aContrabando-
_zEspaña-
_yS.XIX.
_911320
710 2 _aSociedad Filantrópica Mercantil Matritense.
_9170233
852 4 _aES-MaACL
_jT-21-F-4
999 _c190137
_d190137